Linear Programming (Record no. 945)

MARC details
000 -LEADER
fixed length control field 01192pam a2200325 a 4500
001 - CONTROL NUMBER
control field 2580808
003 - CONTROL NUMBER IDENTIFIER
control field OSt
005 - DATE AND TIME OF LATEST TRANSACTION
control field 20180423191438.0
008 - FIXED-LENGTH DATA ELEMENTS--GENERAL INFORMATION
fixed length control field 960822m19972003nyua b 001 0 eng
010 ## - LIBRARY OF CONGRESS CONTROL NUMBER
LC control number 96036411
020 ## - INTERNATIONAL STANDARD BOOK NUMBER
International Standard Book Number 0387948333
020 ## - INTERNATIONAL STANDARD BOOK NUMBER
International Standard Book Number 0387986138
040 ## - CATALOGING SOURCE
Original cataloging agency DLC
Transcribing agency DLC
Modifying agency DLC
050 00 - LIBRARY OF CONGRESS CALL NUMBER
Classification number T57.74
Item number .D365 1997
082 00 - DEWEY DECIMAL CLASSIFICATION NUMBER
Classification number 519.72
Edition number 20
Item number LIN 2003
100 1# - MAIN ENTRY--PERSONAL NAME
Personal name Dantzig, George B.; Mukund N. Thapa.
Dates associated with a name 1914-2001.
9 (RLIN) 2547
245 10 - TITLE STATEMENT
Title Linear Programming
260 ## - PUBLICATION, DISTRIBUTION, ETC. (IMPRINT)
Place of publication, distribution, etc. New York :
Name of publisher, distributor, etc. Springer,
Date of publication, distribution, etc. 2003.
300 ## - PHYSICAL DESCRIPTION
Extent 2 v. :
Other physical details ill. ;
Dimensions 24 cm. +
Accompanying material 1 computer laser optical disc (4 3/4 in.)
504 ## - BIBLIOGRAPHY, ETC. NOTE
Bibliography, etc Includes bibliographical references and indexes.
505 1# - FORMATTED CONTENTS NOTE
Formatted contents note 1. Introduction -- 2. Theory and extensions.
538 ## - SYSTEM DETAILS NOTE
System details note System requirements for accompanying computer disc: Windows 3.1; Windows 95.
650 #0 - SUBJECT ADDED ENTRY--TOPICAL TERM
Topical term or geographic name as entry element Linear programming.
9 (RLIN) 2549
650 #0 - SUBJECT ADDED ENTRY--TOPICAL TERM
Topical term or geographic name as entry element Mathematics
9 (RLIN) 810
856 42 - ELECTRONIC LOCATION AND ACCESS
Materials specified Publisher description
Uniform Resource Identifier http://www.loc.gov/catdir/enhancements/fy0812/96036411-d.html
856 41 - ELECTRONIC LOCATION AND ACCESS
Materials specified Table of contents only
Uniform Resource Identifier http://www.loc.gov/catdir/enhancements/fy0812/96036411-t.html
906 ## - LOCAL DATA ELEMENT F, LDF (RLIN)
a 7
b cbc
c orignew
d 1
e ocip
f 19
g y-gencatlg
942 ## - ADDED ENTRY ELEMENTS (KOHA)
Source of classification or shelving scheme Dewey Decimal Classification
Koha item type Short Loan
Holdings
Withdrawn status Lost status Source of classification or shelving scheme Damaged status Not for loan Home library Current library Date acquired Inventory number Total Checkouts Full call number Barcode Date last seen Koha item type Source of acquisition Price effective from
    Dewey Decimal Classification     MUST Main Library MUST Main Library 20/01/2015 12/36853   519.72 LIN 2003 2015-0176 20/01/2015 Short Loan    
    Dewey Decimal Classification     MUST Main Library MUST Main Library 18/06/2024 07/29180   519.72 LIN 2003 2024-20763 18/06/2024 Open Shelf Purchase 18/06/2024